| 000 | 00392nam a22001457a 4500 | ||
|---|---|---|---|
| 005 | 20200619133551.0 | ||
| 008 | 200619b xxu||||| |||| 00| 0 eng d | ||
| 082 | _a345.4 LIC | ||
| 110 |
_aALL INDIA REPORTER _96215 |
||
| 245 | _aLABOUR AND INDUSTRIAL CASES [1995] LAB - I - C | ||
| 260 |
_aMUMBAI _bALL INDIA REPORTER Pvt.Ltd. _c1995 |
||
| 300 | _a1472p. | ||
| 650 |
_aLAW _95701 |
||
| 942 | _cJRL | ||
| 999 |
_c7310 _d7308 |
||